| 000 | 00324nam a2200109 4500 | ||
|---|---|---|---|
| 008 | 240223b |||||||| |||| 00| 0 eng d | ||
| 022 | _a13911503 | ||
| 245 | _aSri Lankan journal of Management-Vol. 1 no. 3 (July - September 1996) | ||
| 260 |
_aColombo : _bPostgraduate of Management, _c1996 |
||
| 650 | _aMANAGEMENT | ||
| 942 | _cCR | ||
| 999 |
_c4813 _d4813 |
||